Sejarah dan kebudayaan Asia Tenggara tradisional

Bibliographic Details
Main Author: Abdul Rahman Hj Abdullah
Format: Book
Published: Selangor : Karisma Publications , 2006
Subjects:

MARC

LEADER 00000cam a2200000 7i4500
001 0000015291
005 20080321.0
008 080321
020 |a 9831951913 
090 0 0 |a 959   |b ABD 
100 0 |a Abdul Rahman Hj Abdullah 
245 1 0 |a Sejarah dan kebudayaan Asia Tenggara tradisional   |c Abdul Rahman Hj Abdullah 
260 |a Selangor :   |b Karisma Publications ,   |c 2006 
650 0 |a Asia, Southeastern 
650 0 |a Asia, Southeastern   |x Civilization 
999 |a 0000936555   |b Book   |c Adult Collection   |e Cawangan Bandar Tenggara 
999 |a 0001016586   |b Book   |c Adult Collection   |e Cawangan Urban Transformation Centre 
999 |a 0001016587   |b Book   |c Adult Collection   |e Perbadanan Perpustakaan Awam Johor